000 00367nam a22001577a 4500
003 SGT
020 _a9781543346237
082 _a615
_bT22G
100 _aGHODKE, AMOL
245 _aNEW TRENDS IN PHARMACOLOGY
260 _aPUNJAB
_bS.VIKASH & COMPANY
_c2022
300 _a183
650 _aPHARMACOLOGY
653 _aPHARMACOLOGY, PHARMACY
942 _2ddc
_cGF BOOKS
999 _c33292
_d33292